000 00619nam a22002297a 4500
003 UA-OsUOA
001 38689
007 ta
008 20080206b un ||||| |||| 00| 0 ukr d
100 _aMelnyk M.J.
090 _a94(477).09
942 _cBR
040 _aUA-OsUOA
_beng
_cUA-OsUOA
_dUA-OsUOA
245 _aPartial Alphabetical Listing of Former Officers from the 14 Waffen-Grenadier Division der SS (galizische Nr 1)
300 _a22 с.
955 _a1
041 _aeng
080 _a94(477).09
260 _c2001
650 7 _a9 Географія. Біографії. Історія
_2UDC
999 _c437203
_d437203